[Event "RUS-ch"]
[Site "Elista"]
[Date "1996.??.??"]
[Round "5"]
[White "Lugovoi, Aleksei"]
[Black "Goldin, Alexander"]
[Result "0-1"]
[WhiteElo "2500"]
[BlackElo "2570"]
[Annotator "Kantsler,B"]
[PlyCount "262"]
[EventDate "1996.10.15"]
[EventType "swiss"]
[EventRounds "11"]
[EventCountry "RUS"]
[SourceTitle "CBM 056"]
[Source "ChessBase"]
[SourceDate "1997.02.01"]
[SourceVersion "1"]
[SourceVersionDate "1997.02.01"]
[SourceQuality "1"]

1. d4 {Endspiel-CD Hecht} Nf6 2. c4 e6 3. Nc3 Bb4 4. e3 c5 5. Bd3 Nc6 6. Nf3 d5
7. O-O O-O 8. a3 Bxc3 9. bxc3 dxc4 (9... Qc7 {Sherbakov,R-Loginov,V RUS-ch
Elista (03) 1996}) 10. Bxc4 Qc7 11. Bd3 (11. Bb5 a6 12. Bd3 e5 13. Qc2 Re8 (
13... b5 14. e4 exd4 15. cxd4 c4 16. Be2 Re8 17. d5 $14 {Timman,J-Lutz,Ch Wijk
ann Zee 1995 62/569 1/2-1/2 121}) 14. Nxe5 Nxe5 15. dxe5 Qxe5 16. f3 Bd7 17.
Rb1 Bc6 18. Re1 Rad8 19. Bf1 $14 {Kamsky,G-Tiviakov,S Groningen 1995 65/533 1/
2-1/2 59}) (11. Ba2) (11. Bb2 {Volzhin,A-Sherbakov,A RUS-ch Elista (05) 1996})
11... e5 12. Qc2 Re8 (12... Bg4 $5 13. Nxe5 Nxe5 14. dxe5 Qxe5 15. f3 Bd7 16.
a4 Rfe8 17. e4 c4 18. Be2 Be6 19. Be3 Qc7 20. Rab1 {Petrosian,T-Spassky,B
Moscow (m) 1966}) 13. dxe5 (13. e4 c4 $1 14. Bxc4 exd4 15. cxd4 Na5 $10) 13...
Nxe5 14. Nxe5 Qxe5 15. f3 Bd7 16. a4 (16. Re1 $2 Rad8 $2 (16... Ba4 $1 17. Qe2
(17. Qxa4 Qxc3 $17) (17. Qb2 $32) 17... Nd5 18. f4 Qd6 $17) 17. a4 Bc6 18. e4
Nd5 19. Bd2 Nf4 20. Bf1 $13 {Yusupov,A-Beljavsky,A Munchen 1994 60/523 0:1 39})
16... Rac8 17. Re1 Bc6 (17... h6 18. e4 Nd5 19. Bd2 Nf4 20. Bf1 c4 $6 21. Be3
$1 Qc7 22. Qd2 Ne6 23. Bxc4 $1 $16 {Jusupov,A-Ljubojevic,L Beograd 1991 1:0 63}
) 18. e4 Nd5 19. Bd2 Nf4 20. Bc4 (20. Bf1 $5 $14) 20... Ng6 21. Be3 Qe7 22. Qf2
b6 23. a5 $5 Ne5 24. Bf1 Qe6 $5 25. Rab1 Rb8 26. Qg3 f6 27. axb6 axb6 28. Bf4
b5 29. Qf2 c4 30. Red1 Rbd8 31. Rxd8 Rxd8 32. Qb6 $5 Qd7 33. Ra1 Rc8 34. Be2 (
34. Ra7 $5 Qd8 $14) 34... Qc7 35. Be3 (35. Qd4 $2 Nxf3+ $17) (35. Qxc7 Rxc7 36.
Ra6 $14) 35... Qxb6 36. Bxb6 Ra8 $14 37. Rxa8+ Bxa8 38. Kf2 Kf7 39. Ke3 Nd7 40.
Bc7 Nc5 41. Bd6 Nd3 $1 42. g3 {Bf1-Bh3} (42. Bxd3 cxd3 43. Kxd3 $10) 42... Ke6
43. Bb8 g6 44. Bf1 Bb7 45. Bh3+ f5 46. g4 $2 (46. exf5+ gxf5 47. g4 $14) 46...
fxe4 47. g5+ Ke7 48. fxe4 Bxe4 $1 49. Kxe4 (49. Bf1 Bf5 (49... Nc5 $2 50. Ba7
$18) 50. Bxd3 $10) 49... Nf2+ 50. Kd5 Nxh3 51. Bg3 $8 (51. Kc5 Ke6 52. Kxb5 Kd5
$17) 51... Nxg5 52. Bh4 h6 53. Kc5 Ke6 54. Bxg5 (54. Kxb5 Nf3 55. Bg3 Kd5 $17)
54... hxg5 55. Kxb5 Kf5 $1 (55... Kd5 56. h3 g4 $8 (56... Ke4 57. Kxc4 Kf3 58.
Kd5 Kg3 59. c4 $18) 57. hxg4 g5 58. Kb4 Ke4 59. Kxc4 Kf3 60. Kd5 Kxg4 $10) 56.
Kxc4 Kg4 57. Kd5 (57. Kd3 Kh3 58. Ke4 $1 (58. Ke3 $10) 58... Kxh2 (58... g4 $2
59. Kf4 $18) 59. Kf3 Kh3 60. Kf2 Kh2 (60... g4 61. Kg1 Kg3 62. c4 Kf4 $10) 61.
Kf3 $10) (57. Kd4 $10) 57... Kh3 58. c4 $2 (58. Ke4 $1 $10 {57.Kd3}) 58... Kxh2
59. c5 g4 60. c6 g3 61. c7 g2 62. c8=Q g1=Q $17 {[#]_|_ Hecht Remis lt.
Endspiel-CD Allg. Plan für Weiß: K--> NW-Ecke, um Gegenschachs zu minimieren
oder --> evtl. zum P, um nach Q-Tausch den P abzuholen(Vorsicht!). schlechte
Gegend: SW-Ecke (a1-a4-d4-d1) Q: Schachs, Fesseln oder Blockieren des P Plan
für Schwarz: Q zentralisieren, P decken, wK von guten Feldern fernhalten,
Gegenschach. K: weite Wege! Weiß macht alles bis zum 114. Zug richtig, hält
den K aber stets in der Mitte.} 63. Qh8+ (63. Ke4 {Hecht} g5 (63... Qg2+ 64.
Kf4 {oder Ke5}) 64. Qh8+ Kg2 65. Qb2+ Kf1 66. Qc1+ Kf2 67. Qxg1+ Kxg1 68. Kf5
$11) 63... Kg3 64. Qb8+ (64. Qe5+ Kg4 65. Qe4+ Kh5 66. Qf3+ Kg5 $17) (64. Ke4
$2 {Hecht} Qg2+ 65. Ke3 Qf2+ 66. Kd3 (66. Ke4 Qe2+ {Q-Tausch/Gewinn}) 66...
Qf1+ 67. Ke3 Qf4+ $19 {und der K gerät auf die falschen Felder}) 64... Kf3 65.
Qf8+ (65. Qb3+ Kg4 66. Qb4+ Kh5 $17) 65... Kg2 66. Qf4 (66. Ke5 $2 {Hecht} Qe3+
$19) (66. Qf6 $1 {Hecht} Kh3 67. Ke6 g5 68. Kf5 $11) 66... Qe1 $1 67. Qg4+ Qg3
68. Qe2+ Kh3 69. Qf1+ (69. Qe6+ Kh4 70. Qe4+ (70. Qf6+ $2 Qg5+ $19) 70... Kh5
71. Qh1+ Kg5 72. Qc1+ Qf4 73. Qg1+ Kh6 74. Qh1+ Kg7 75. Qa1+ Qf6 76. Qa7+ (76.
Qxf6+ $2 Kxf6 77. Ke4 Kg5 78. Kf3 Kh4 $19) 76... Kh6 (76... Qf7+ $2 77. Qxf7+
Kxf7 78. Ke4 $10) 77. Qe3+ $2 Qg5+ $19) 69... Kh4 (69... Qg2+ $2 70. Qxg2+ Kxg2
71. Ke5 $10) 70. Qh1+ (70. Qf6+ $2 Qg5+ $19) 70... Kg5 71. Ke6 (71. Qc1+ Qf4
72. Qg1+ Kh6 73. Qh1+ Kg7 74. Qa1+ Qf6 75. Qa7+ Kh6 $19) 71... Qf2 $1 72. Ke7 (
72. Qc1+ Qf4 $17 {72.Qc5? Qf5 -+ ;72.Qg1? Qg4 -+}) 72... Kg4 73. Qd1+ (73. Qe4+
Kh5 $17 74. Qd5+ (74. Qh1+ $2 Qh4+ $19) 74... g5) 73... Kh4 74. Qh1+ (74. Qa4+
Kg5 75. Qb5+ Kh6 $17) 74... Kg3 75. Qh6 Qf5 76. Qe3+ Kh4 77. Qe1+ Kg5 78. Qg3+
Kh6 79. Qh2+ Qh5 80. Qd6 (80. Qf4+ $2 Qg5+ $19) 80... Kh7 81. Qc7 {82.Kf6 Kh6
83.Qg7#} Qf5 82. Qh2+ Kg7 83. Qb2+ Kh6 84. Qh2+ Qh5 85. Qd6 Qe2+ 86. Kf7 Qc4+ (
86... Z0 {Endspiel-CD} 87. Qxg6# $140) 87. Kf6 Qf1+ 88. Ke7 Qf2 89. Ke8 Kh5 90.
Qd1+ Kh4 91. Qh1+ Kg3 92. Qh6 Qf5 93. Qe3+ Kg4 94. Qg1+ Kh5 95. Qh2+ Kg5 96.
Ke7 Qf6+ 97. Ke8 Qf4 98. Qh1 (98. Qg2+ Kf5 99. Qh3+ {98.Qh1}) 98... Kf5 99.
Qh3+ Kf6 100. Qh8+ Ke6 101. Qh3+ (101. Qg8+ $32 Kf5 102. Qf7+ Kg5 103. Qd5+ $17
) 101... Qf5 102. Qb3+ (102. Qe3+ $6 Qe5 103. Qb6+ Kf5+ $17) 102... Kf6 103.
Qf7+ (103. Qc3+ $2 Qe5+ $19) 103... Kg5 104. Qe7+ Kg4 105. Qe2+ Qf3 106. Qc4+
Kh5 107. Qc2 g5 108. Qh2+ (108. Qh7+ Kg4 109. Qd7+ Kh4 110. Qd4+ (110. Qh7+ $2
Qh5+ $19) 110... g4 $17) 108... Kg4 109. Qb2 (109. Qg1+ Kf4 110. Qh2+ {110.
Qd4? Qe4 -+ ; 110.Qc1? Qe3 -+} Kf5 111. Qh7+ (111. Qc2+ $2 Qe4+ $19) 111... Kg4
112. Qd7+ Kh4 $17) (109. Kd8 {Hecht}) 109... Qe3+ 110. Kd8 (110. Kf7 Kg3 $17)
110... Qd3+ 111. Kc8 Qh3 112. Qe5 (112. Kd8 $32) 112... Kh4+ 113. Kd8 (113. Kb7
{Hecht}) 113... Qd3+ 114. Ke8 {Verlust nach 47 Zügen lt. Endspiel-CD, d.h. das
Bewegen Richtung Mitte ist kritisch(siehe Variante zu Ke7), die NW-Ecke
wesentlich sicherer. Ab jetzt wechselt die Bewertung durch Fehler zwischen
Gewinn und Remis.} (114. Kc8 $1 $11 {Hecht}) (114. Ke7 $5 $11 {Hecht} g4 115.
Qh8+ $8 Kg3 (115... Kg5 116. Qf6+ Kh5 117. Qh8+ $11) 116. Qh5 $8 {Arbeiten mit
der Endspiel-CD !}) (114. Ke7 $11 {Endspiel-CD}) (114. Kc8 $11 {Endspiel-CD})
114... g4 115. Qh2+ Kg5 116. Qe5+ Qf5 117. Qe7+ Kf4 118. Qh4 {118.Qc7? Qe5 -+ ;
118.Qb4? Qe4 -+ am besten} Kf3 {streckt den Gewinn auf 77 Züge !} (118... Qb5+
$1 {Hecht} 119. Kf7 Qd5+ 120. Ke8 Qd6 $1 {[%cal Gd6h6,Gd6d2]} 121. Qf2+ (121.
Qh2+ g3 122. Qh4+ Ke3 123. Qg5+ Qf4 $19 {in 15 Zügen}) (121. Kf7 Kf3 122. Qh5
Qf4+ 123. Ke6 Kf2 124. Qh4+ Qg3 125. Qh8 Qf3 $19 {in 32 Zügen}) 121... Kg5 122.
Qe3+ Kf5 123. Qf2+ Qf4 $19 {in 27 Zügen}) (118... Qe5+ $142 {Endspiel-CD} 119.
Kd7 Kf3 120. Qh1+ Kf2 $19) 119. Qh1+ Kg3 {und verschenkt ihn!!} (119... Ke2 $1
{Hecht}) (119... Ke2 $19 {Endspiel-CD}) 120. Qg1+ {Revanche!} (120. Kd8 $8 $11
{Hecht Richtung NW!!}) (120. Kd8 $11 {Endspiel-CD}) 120... Kh4 121. Qh2+ Kg5
122. Qd2+ Kg6 123. Qd6+ Qf6 (123... Kg7 {Hecht}) 124. Qd3+ Kh5 (124... Qf5 {
Hecht} 125. Qd6+ Kg7) 125. Qd5+ (125. Qh7+ $6 Kg5 $17 126. Qg8+ $2 Qg6+ $19) (
125. Kd7 $8 $11 {Hecht}) (125. Kd7 $11 {Endspiel-CD}) 125... Qg5 (125... Kh6 $1
{Hecht}) (125... Kh6 $19 {Endspiel-CD}) 126. Qh1+ (126. Qf7+ $2 Qg6 $19) 126...
Kg6 127. Qc6+ (127. Qg2 $8 {Hecht} g3 128. Kd7 $8 $11 {Blockade und K-->NW}) (
127. Qg2 $11 {Endspiel-CD}) 127... Qf6 128. Qe4+ (128. Qd6 $1 {Hecht
verteidigt am besten, verliert aber nach 75 Zügen}) (128. Qd5 $5 {Hecht}) (128.
Qd6 $142 $5 {Endspiel-CD} Kg5 (128... Qxd6 $4 $11) 129. Qd2+) 128... Qf5 129.
Qc6+ Kg5 130. Qc3 $4 {Die schlechte K-Position rächt sich jetzt sofort} (130.
Qc1+ $32 Kf6 131. Kd8 $17) (130. Qc1+ $19 {Hecht 55 Züge - und wer weiß ...!})
(130. Qc1+ $19 {Endspiel-CD Schwarz gewinnt in 53 Zügen.}) 130... Qe6+ 131. Kd8
Qf6+ 0-1

[Event "RUS-ch"]
[Site "Elista"]
[Date "1996.??.??"]
[Round "5"]
[White "Volzhin, Alexander"]
[Black "Skvortsov, Alexandr L"]
[Result "1-0"]
[WhiteElo "2485"]
[BlackElo "2350"]
[Annotator "Kantsler,B"]
[PlyCount "109"]
[EventDate "1996.10.15"]
[EventType "swiss"]
[EventRounds "11"]
[EventCountry "RUS"]
[SourceTitle "CBM 056"]
[Source "ChessBase"]
[SourceDate "1997.02.01"]
[SourceVersion "1"]
[SourceVersionDate "1997.02.01"]
[SourceQuality "1"]

1. d4 Nf6 2. c4 e6 3. Nc3 Bb4 4. e3 O-O 5. Bd3 c5 6. Nf3 d5 7. O-O Nc6 8. a3
Bxc3 9. bxc3 dxc4 (9... Qc7 {Sherbakov,R-Loginov,V RUS-ch Elista 1996}) 10.
Bxc4 Qc7 11. Ba2 (11. Bd3) (11. Bb5 {lugovoi,A-Goldin,A RUS-ch Elista 1996}) (
11. Bb2 e5 12. Be2 Rd8 13. Qc2 e4 14. Nd2 Bf5 15. Nb3 b6 16. c4 cxd4 17. exd4
Ne7 $13 {Jusupov,A-Beljavsky,A Groningen 1994 62/570 1/2-1/2 32}) 11... e5 12.
h3 e4 (12... b6 13. d5 (13. Qc2 $6 Ba6 14. Rd1 e4 15. Ng5 Rfe8 16. f3 Bd3 {
Gelfand,B-Korchnoi,V Horgen 1994 61/600 0:1 37}) 13... Rd8 14. c4 Ne8 15. Qc2
Ne7 16. Ng5 Bf5 17. e4 Bd7 $13 {Sherbakov,R-Belikov RUS-ch 1995 65/(534)}) (
12... Rd8 13. Ng5 Rd7 14. d5 c4 15. Bxc4 Na5 16. Ba2 h6 17. Nf3 e4 18. Nd2 Nxd5
19. Nxe4 Nxc3 20. Qf3 Nxe4 21. Qxe4 $14 {Sherbakov,E-Beljavsky,A Ljubljana
1995 65/534 1/2-1/2 64}) 13. Nh2 Bf5 (13... Qe7 14. Bb2 b6 15. c4 Rd8 16. d5
Ne5 17. f3 Bd7 18. Qc2 $14 {Sherbakov,L-Loginov,V RUS-ch Elista 1996}) 14. Ng4
$1 (14. Bb2 Rad8 15. Qe2 Rd6 $132) 14... Nxg4 15. hxg4 Bg6 16. a4 $5 {Ba3} Rfd8
17. Ba3 b6 (17... cxd4 18. cxd4 $16) 18. Qe2 Rd7 19. Bc4 $5 (19. dxc5 $2 Ne5
$132) 19... h6 20. Rad1 $16 Rad8 (20... cxd4 21. cxd4 $16) 21. Bb5 $1 Rd6 22.
dxc5 Rxd1 23. Rxd1 Ne5 (23... Rxd1+ 24. Qxd1 Ne5 $2 25. Qd6 $18) 24. Rd4 $1 Nd3
(24... bxc5 25. Bxc5 $16) 25. c6 $1 (25. cxb6 $6 axb6 $14) 25... Ne5 26. Qd1 $1
Nxc6 $8 27. Rd6 $1 Rxd6 28. Qxd6 $1 Qxd6 29. Bxd6 $18 {Xa7,b6} Nd8 30. Bb8 Nb7
31. Bxa7 Nd6 32. Ba6 f6 33. Bxb6 Bf7 34. a5 Bd5 35. Bc5 Nc4 36. Bb4 Kf7 37. Bc8
Ke8 38. a6 Kd8 39. Bf5 (39. Bb7 $5 Bxb7 40. axb7 Kc7 41. Bf8 $18) 39... Ne5 40.
Ba5+ Ke7 41. Bc7 Nd7 42. f3 $5 Nc5 (42... exf3 43. gxf3 Bxf3 $2 44. e4 $18) 43.
a7 exf3 44. gxf3 Ne6 (44... Bxf3 $2 45. e4 $18) 45. Bb6 Ng5 46. Kf2 Kd6 (46...
Bxf3 47. e4 $18) (46... Nxf3 $2 47. e4 $18) 47. e4 Bb7 48. Ke3 Kc6 49. Bd4 Kd6
50. e5+ $1 fxe5 51. Bxe5+ Kxe5 52. f4+ Kf6 53. fxg5+ Ke5 $8 (53... Kxg5 $2 54.
Be4 $18) 54. gxh6 gxh6 55. Bd3 {Be2-Bf3} 1-0

[Event "RUS-Cup4"]
[Site "Perm"]
[Date "1997.02.14"]
[Round "7"]
[White "Shcherbakov, Ruslan"]
[Black "Yakovich, Yuri"]
[Result "0-1"]
[WhiteElo "2580"]
[BlackElo "2575"]
[Annotator "Knaak,R"]
[PlyCount "118"]
[EventDate "1997.02.02"]
[EventType "swiss"]
[EventRounds "9"]
[EventCountry "RUS"]
[SourceTitle "CBM 058"]
[Source "ChessBase"]
[SourceDate "1997.06.01"]
[SourceVersion "1"]
[SourceVersionDate "1997.06.01"]
[SourceQuality "1"]

1. d4 Nf6 2. c4 e6 3. Nc3 Bb4 4. e3 O-O 5. Bd3 d5 6. Nf3 c5 7. O-O Nc6 8. a3
Bxc3 9. bxc3 dxc4 10. Bxc4 Qc7 11. Ba2 e5 12. h3 e4 13. Nh2 Na5 14. f3 {
Das ist der logische Zug, und wenn er nichts taugt, so muß möglicherweise das
gesamte Konzept beginnend mit 11.Ba2 in Frage gestellt werden.} b6 $1 {Als
bekanntermaßen stark gilt einen Zug vorher 13...b6, aber auch hier ist der
Bauernzug, welcher Bb7 bzw. Ba6 vorbereitet, wohl die beste Wahl. Stattdessen
bereitete 14...cxd4 15.cxd4 Be6 Weiß keine Probleme wegen der Antwort 16.d5!}
15. fxe4 {Dieses Schlagen sollte eigentlich nur dann erfolgen, wenn Weiß
danach e3-e4 durchdrückt oder eine taktische Wendung zur Verfügung hat. Beides
ist nicht der Fall und so steht Schwarz wegen der Kontrolle der Zentrumsfelder
und der geschwächten weißen Bauernformation bereits deutlich besser.} (15. Ng4
Nxg4 16. fxg4 (16. hxg4 exf3 17. Qxf3 Bb7 $17) 16... Ba6 $15) (15. Qe2 Nh5) (
15. Bd2 Ba6 16. Rf2 Bd3 $15) 15... Nxe4 $17 16. Qd3 (16. Bb1 Bb7 $17) 16... Bb7
17. d5 $6 {Es gibt einen Vorgänger, der sehr ähnlich verlief:} (17. c4 $6 Qg3
18. d5 Rae8 19. Rf3 Qe5 20. Rb1 Qc3 21. Qe2 Ba6 22. Bb2 Qd2 23. Qf1 f6 24. Ng4
Qc2 25. Qc1 Qd3 26. Rf1 Ng3 $19 {0-1 Keene,R-Zaltsman,V/New York Inv 1980 (41)}
) (17. Bd2 $6 c4 18. Qc2 Nb3 19. Bxb3 cxb3 20. Qb2 Rac8 $19) (17. Rf4 {scheint
noch am spielbarsten zu sein.}) 17... Rfe8 18. c4 (18. Z0 $141 c4 19. Qd4 Rad8
$19) 18... Qe5 19. Rb1 Qc3 $19 20. Qe2 Ng3 21. Qd2 Qxd2 22. Bxd2 Nxf1 23. Nxf1
Ba6 24. Bxa5 bxa5 25. Rb2 Rab8 26. Rd2 Rb6 27. Kf2 Reb8 28. Ke2 Rb2 29. Kd3 a4
30. Rc2 Kf8 31. Nd2 Bc8 32. Rxb2 Rxb2 33. Bb1 Bd7 34. Kc3 Rb8 35. Bc2 Ke7 36.
Nf3 h6 37. e4 f6 38. e5 fxe5 39. Nxe5 Be8 40. Nf3 Kd6 41. Nd2 Ke5 42. Ne4 Rc8
43. Bd3 Bd7 44. g4 h5 45. gxh5 Bxh3 46. Ng5 Bg4 47. Nf7+ Kf4 48. h6 gxh6 49.
Nxh6 Bd7 50. Nf7 Rb8 51. Bc2 Rb6 52. Bd1 Rg6 53. Bc2 Rf6 54. Nd8 Ke5 55. Nb7
Rf3+ 56. Kb2 Kd4 57. Nd6 Rf6 58. Ne4 Rb6+ 59. Ka1 Bf5 0-1

[Event "Dortmunder Schachtage-B 18th"]
[Site "Dortmund"]
[Date "1990.04.05"]
[Round "1"]
[White "Knaak, Rainer"]
[Black "Schmittdiel, Eckhard"]
[Result "0-1"]
[WhiteElo "2500"]
[BlackElo "2455"]
[Annotator "Knaak,R"]
[PlyCount "129"]
[EventDate "1990.04.05"]
[EventType "tourn"]
[EventRounds "11"]
[EventCountry "GER"]
[EventCategory "9"]
[SourceTitle "CBM 018"]
[Source "ChessBase"]
[SourceDate "1990.10.01"]
[SourceVersion "1"]
[SourceVersionDate "1990.10.01"]
[SourceQuality "1"]

1. d4 Nf6 2. c4 e6 3. Nc3 Bb4 4. e3 O-O 5. Bd3 d5 6. Nf3 c5 7. O-O Nc6 8. a3
Bxc3 9. bxc3 dxc4 10. Bxc4 Qc7 11. Ba2 e5 12. h3 e4 13. Nh2 b6 $5 {Sehr stark,
denn Weiß hat die Diagonale f1-a6 freigegeben und Schwarz versucht dies mit
Bc8-a6 auszunutzen.} 14. c4 $1 Rd8 (14... cxd4 $1 15. exd4 Rd8) 15. Bb2 (15. d5
$1) 15... cxd4 16. exd4 Ne5 $1 17. d5 $1 Nd3 $1 18. Bd4 $1 (18. Bxf6 gxf6 $15)
18... Qf4 19. Qe2 Re8 20. Rad1 $2 (20. Qe3 $10) (20. Bb1 $5) 20... Bxh3 $1 21.
Be3 Bg4 22. Nxg4 Qxg4 23. Qxg4 Nxg4 24. Bd4 Nge5 25. f3 exf3 26. gxf3 Nf4 27.
Rd2 Ned3 28. Kh2 Rad8 29. Rg1 Ne5 30. Kg3 Neg6 31. Rgd1 Ne2+ 32. Kf2 Nxd4 33.
Rxd4 Ne5 34. Bb3 Re7 35. Re1 Kf8 36. Re3 Nd7 37. Bc2 Nc5 38. Rh4 h6 39. Rf4 Rd6
40. Rd4 g6 41. Rd1 Rc7 42. Rd4 Rd8 43. Rf4 Kg7 44. Rd4 Nb7 45. Bd3 Nd6 46. Re2
Rc5 47. a4 Rd7 48. Re1 Ra5 49. Bc2 Rc7 50. Bb3 Rac5 51. Re2 Kf8 52. Re1 Rc8 53.
f4 R8c7 54. Re2 Rd7 55. Re1 Rb7 56. Rh1 Re7 57. Rhd1 Rc8 58. Re1 Rxe1 59. Kxe1
Re8+ 60. Kf2 Re4 61. Rxe4 Nxe4+ 62. Ke3 Nc5 63. Bc2 Ke7 64. Kf2 Kd6 65. Ke3 0-1

[Event "Elista FIDE GP"]
[Site "Elista"]
[Date "2008.12.17"]
[Round "4"]
[White "Kasimdzhanov, Rustam"]
[Black "Alekseev, Evgeny V"]
[Result "0-1"]
[WhiteElo "2672"]
[BlackElo "2715"]
[Annotator "Krasenkow,M"]
[PlyCount "68"]
[EventDate "2008.12.14"]
[EventType "tourn"]
[EventRounds "13"]
[EventCountry "RUS"]
[EventCategory "19"]
[SourceTitle "CBM 128"]
[Source "ChessBase"]
[SourceDate "2009.01.28"]
[SourceVersion "1"]
[SourceVersionDate "2009.01.28"]
[SourceQuality "1"]

1. d4 d5 2. c4 e6 3. Nc3 Bb4 4. e3 c5 5. Nf3 Nf6 6. Bd3 O-O 7. O-O Nc6 8. a3
Bxc3 9. bxc3 Qc7 10. Bb2 dxc4 11. Bxc4 e5 12. h3 Bf5 {This is one of the most
popular continuations in the Classical system of the Nimzoindian Defence.} (
12... e4 {is played much more rarely nowadays.}) 13. Ba2 Rad8 14. Qe2 Rfe8 (
14... Bg6 {is an important alternative.}) 15. d5 {Otherwise White can't hope
for an advantage, e.g.} (15. Rad1 e4 16. Nh2 cxd4 17. cxd4 Nd5 18. Rc1 Qe7 19.
Rc5 Be6 20. Ba1 f5 21. Rfc1 Kh8 22. Nf1 Rf8 23. Bxd5 Bxd5 24. Qb2 Rf6 25. Qb5
Qd7 26. Ng3 Ne7 27. Qxd7 Rxd7 28. Rc7 Rfd6 $11 {1/2-1/2 Milic,B-Kevitz,A/USA
1950/EXT 2001 (50)}) 15... Rxd5 $5 $146 {[%mdl 520] This sacrifice was
recommended by GM Sergey Tiviakov but never tested in practice before this
game.} ({In fact, Black's results after the simple} 15... Ne7 16. c4 Ng6 {
are quite satisfactory:} 17. Nd2 Qb6 (17... Re7 18. e4 (18. g4 Bc8 19. Bb1 {
looks more to the point}) 18... Bc8 19. Rfe1 Ne8 20. Nf1 Nf4 21. Qf3 Rd6 22.
Ng3 Rf6 23. Qe3 Nd6 24. Ne2 g5 $132 {0-1 Mareco,S-Mahia,G/Buenos Aires ARG
2008/The Week in Chess 702 (41)}) 18. Bc3 Ne4 (18... e4 19. g4 Bc8 20. Bb1 h5
21. g5 Nxd5 22. cxd5 Rxd5 23. Nxe4 Bf5 24. f3 Qc7 25. Qh2 $16 {1/2-1/2 Kovacs,
G-Papp,G/Szombathely HUN 2008/The Week in Chess 721 (115)}) 19. Nxe4 Bxe4 20.
f3 Bf5 21. Qd2 Qd6 22. Rf2 f6 23. a4 Ne7 24. Qb2 Qd7 25. e4 Bg6 26. Rb1 Rb8 27.
Qa3 Qc7 28. Rb5 b6 29. Bb1 Nc8 30. Bd3 Nd6 $11 {1-0 Flores,D-Valerga,D/Buenos
Aires 2006/CBM 114 ext (51)}) 16. Bxd5 Nxd5 17. Rfd1 Nb6 {White has an awful
b2 bishop and weak light squares on the queenside.} 18. a4 a6 19. c4 $6 {
Freeing the bishop but White's a4 and c4 pawns are now extremely weak.} (19. a5
$142 Nd7 20. c4 {as Black can't win the a5-pawn without concessions:} e4 (20...
Nxa5 $6 21. e4 Be6 22. Nxe5 Nxe5 23. Bxe5 Qxe5 24. Rxa5 $16) 21. Nh4 $1 (21.
Nd2 Nxa5 $13) 21... Be6 22. f4 exf3 (22... Nxa5 $2 23. f5 Bxc4 24. Qg4 Ne5 25.
Bxe5 Rxe5 26. f6 g6 27. Qf4 $18) 23. Nxf3 Nxa5 24. Ng5 $1 Nf8 (24... Nc6 25.
Qh5 Nf8 26. Ne4 $13) 25. Nxe6 Nxe6 26. Rd5 $13) 19... a5 $1 20. Bc3 f6 21. Nd2
Nb4 (21... Bc2 22. Rdc1 Bxa4 $15 {was already possible.}) 22. Bxb4 (22. e4 Bd7
{[%cal Rd7a4]} (22... Be6 $5)) 22... cxb4 23. Rdc1 (23. c5 $5 Nd5 (23... Qxc5
$6 24. e4 Be6 (24... Bd7 25. Nb3) 25. Rac1 $36) 24. Qc4 Be6 25. Qb5 {and White
obtains counterplay although Black keeps his structural advantage due to his
strong b4-pawn:} Kf8 26. Ne4 f5 27. Ng5 (27. Nd6 Re7 {[%cal Rd5c3]} 28. Rxd5
Bxd5 29. Nxf5 Rd7 $15 {[%csl Gb4]}) 27... Nc3 28. Nxe6+ Rxe6 29. Qd7 Qxd7 30.
Rxd7 Re7 $15) 23... Rd8 24. c5 {Too late!} (24. Nb3 $142 Bd3 25. Qg4 f5 26. Qh4
Ra8 $15) (24. e4 Be6 (24... Bd7 $143 25. c5 Nxa4 $6 26. c6 Nc3 27. Qc4+) 25. c5
Nd7 26. Qe3 $15) 24... Bd3 $1 25. Qe1 $6 {This queen will now be passive.} (25.
Qd1 $142 $1 Nd5 26. Qb3 e4 $15) 25... Nd5 26. Nb3 h6 27. Ra2 e4 28. Raa1 Ra8 (
28... Nc3 29. Rxc3 bxc3 30. Qxc3 $13 {is what White naturally expected}) ({
but the knight could have been transfered to the perfect c6 square:} 28... Ne7
$1 $17) 29. Nd4 Rc8 30. Qd2 {Missing (here and on the next move) an equalizing
opportunity:} (30. c6 $1 Nc3 31. Rxc3 bxc3 32. Qxc3 bxc6 33. Rc1 {and White
recaptures the c-pawn with a decent position.}) 30... Kh7 {Black prepares ...
Nc3, which was not yet effective:} (30... Nc3 31. Rxc3 bxc3 32. Qxc3 Qxc5 33.
Qb3+ Kh7 34. Qxb7 $11) (30... Qe5 $5) 31. f4 $2 (31. c6 $1) 31... Nc3 32. Nb3 (
32. Rxc3 bxc3 33. Qxc3 Qxc5 {now loses a pawn with little chances to survive
but the text is even worse.}) 32... Ne2+ 33. Kf2 Nxc1 34. Rxc1 Qd7 $1 {White's
resignation looks a bit premature but after} (34... Qd7 35. Qa2 (35. Ra1 b6 $19
) (35. Nxa5 Qxa4 36. Nxb7 b3 $19 {[%csl Gb3]}) 35... Qd5 36. Qb2 {he is
completely tied up and Black can gradually prepare a breakthrough on the
kingside.}) 0-1